000 00414nam a2200181Ia 4500
001 2097
005 20260306143817.0
008 260306t2006||||xx |||||||||||||| ||spa||
041 _aESP
082 _a612.8
_bK73
100 _aKolb, Bryan
_eAUT
245 0 _aNeuropsicologĂ­a humana
260 _c2006
300 _axvi, 763 páginas :
_c27 cm.
650 _aGEN
654 _aCPS
942 _cLIB
_dJUS
_fJUS
_2ddc
_n
999 _c2097
_d2097